The Act for the commutation of tithes in England and Wales (Record no. 113871)
[ view plain ]
| 000 -LEADER | |
|---|---|
| fixed length control field | 00758cam a22002055a 4500 |
| 001 - CONTROL NUMBER | |
| control field | L155848 |
| 008 - FIXED-LENGTH DATA ELEMENTS--GENERAL INFORMATION | |
| fixed length control field | 120418s1836 xxk f 000 0 eng d |
| 035 ## - SYSTEM CONTROL NUMBER | |
| System control number | (Sirsi) u155848 |
| 041 0# - LANGUAGE CODE | |
| Language code of text/sound track or separate title | eng |
| 110 2# - MAIN ENTRY--CORPORATE NAME | |
| Corporate name or jurisdiction name as entry element | United Kingdom |
| Form subheading | Laws, etc. |
| 9 (RLIN) | 5044 |
| 245 04 - TITLE STATEMENT | |
| Title | The Act for the commutation of tithes in England and Wales |
| Remainder of title | With an analysis, explanatary notes, and an index by John Meadows White, Esq. the solicitor attending on the Bill |
| 260 ## - PUBLICATION, DISTRIBUTION, ETC. | |
| Place of publication, distribution, etc. | London |
| Name of publisher, distributor, etc. | B. Fellowes |
| Date of publication, distribution, etc. | 1836 |
| 300 ## - PHYSICAL DESCRIPTION | |
| Extent | [4], xxxvi, 108, [2] p. |
| Dimensions | 18 cm. |
| 583 ## - ACTION NOTE | |
| Action | Condition reviewed |
| Time/date of action | 20120620 |
| Status | condition level 1 |
| 650 24 - SUBJECT ADDED ENTRY--TOPICAL TERM | |
| Topical term or geographic name entry element | TITHE COMMUTATION ACT 1836 |
| 651 #4 - SUBJECT ADDED ENTRY--GEOGRAPHIC NAME | |
| Geographic name | Great Britain |
| Chronological subdivision | 1707- |
| 690 ## - LOCAL SUBJECT ADDED ENTRY--TOPICAL TERM (OCLC, RLIN) | |
| Topical term or geographic name as entry element | Finance and taxation |
| 700 1# - ADDED ENTRY--PERSONAL NAME | |
| Personal name | White, John Meadows |
| Dates associated with a name | 1799?-1863 |
| 942 ## - ADDED ENTRY ELEMENTS (KOHA) | |
| Suppress in OPAC | 0 |
| Withdrawn status | Lost status | Source of classification or shelving scheme | Damaged status | Not for loan | Home library | Current library | Shelving location | Date acquired | Total Checkouts | Full call number | Barcode | Date last seen | Copy number | Price effective from | Koha item type |
|---|---|---|---|---|---|---|---|---|---|---|---|---|---|---|---|
| Dewey Decimal Classification | Historic collection | Historic collection | Historic collection | 18/04/2012 | OCTAVO 1836 WHITE | 30076758 | 06/08/2019 | 1 | 06/08/2019 | Book |